00410nam a2200169Ia 4500003000400000005001700004008004100021020001400062040000700076041000800083082002100091100001500112245004900127260003500176300001600211365001300227OSt20250503123716.0210423s2005 xx 000 0 und d a631200010 cAL aeng a801.95223bLUCP aNiall Lucy aPostmodern literary theory: an introduction. aUKbBlackwell Publishingc2005 axii,283bPB b550cINR